000
00324nam a2200109Ia 4500
008
171211s9999 xx 000 0 und d
245
2
_a
A Pilates' Primer: The Millennium Edition
245
_c
Joseph Pilates and Judd Robbins
260
_c
2000
650
_x
FITNESS
856
_u
http://down.ebook777.com/061/9781928564003.pdf
999
_c
349115
_d
349115